[Event "Oberwart op"]
[Site "Oberwart AUT"]
[Date "2004.??.??"]
[Round "?"]
[White "Porper, Edward"]
[Black "Saric, Ante"]
[Result "1-0"]
[WhiteElo "2455"]
[BlackElo "2385"]
[PlyCount "80"]
[EventDate "2004.07.10"]
[EventType "swiss"]
[EventRounds "9"]
[EventCountry "AUT"]
[Source "ChessBase"]
[SourceDate "2005.01.01"]

1. d4 Nf6 2. c4 e6 3. Nf3 b6 4. Nc3 Bb4 5. Bg5 Bb7 6. e3 h6 7. Bh4 g5 8. Bg3
Ne4 9. Qc2 Bxc3+ 10. bxc3 d6 11. Bd3 f5 12. d5 Nd7 13. Bxe4 fxe4 14. Qxe4 Qf6
15. O-O O-O-O 16. Qxe6 Qxe6 17. dxe6 Nc5 18. Nd4 Rde8 19. f3 Ba6 20. Nb5 Rxe6
21. e4 Kd7 22. Rad1 Na4 23. Rd2 h5 24. Re1 h4 25. Bf2 h3 26. e5 Rhe8 27. Bg3
hxg2 28. Kxg2 Bb7 29. Kf2 a6 30. Nd4 R6e7 31. Nf5 Rf7 32. exd6 Rxe1 33. dxc7+
Kc6 34. Nd4+ Kc5 35. Kxe1 Kxc4 36. Ne2 Re7 37. Rd4+ Kb5 38. Kf2 Rf7 39. Rd8
Rxf3+ 40. Kg1 Re3 1-0

[Event "Oberwart op"]
[Site "Oberwart AUT"]
[Date "2004.??.??"]
[Round "?"]
[White "Riazantsev, Alexander"]
[Black "Porper, Edward"]
[Result "1-0"]
[WhiteElo "2555"]
[BlackElo "2455"]
[PlyCount "53"]
[EventDate "2004.07.10"]
[EventType "swiss"]
[EventRounds "9"]
[EventCountry "AUT"]
[Source "ChessBase"]
[SourceDate "2005.01.01"]

1. d4 e6 2. c4 b6 3. Nf3 Bb7 4. Nc3 f5 5. g3 Nf6 6. Bg2 Be7 7. O-O O-O 8. d5
Qc8 9. Nd4 Na6 10. b3 Kh8 11. Bb2 Nc5 12. Qc2 Ng4 13. b4 Na6 14. a3 Bd6 15. e3
Qe8 16. h3 Ne5 17. Ncb5 exd5 18. Nxf5 Qg6 19. g4 h5 20. f4 hxg4 21. fxe5 gxh3
22. exd6 d4 23. Rf4 Rxf5 24. Rxf5 d3 25. Qf2 hxg2 26. Qh4+ Kg8 27. Rg5 1-0

[Event "Oberwart op"]
[Site "Oberwart AUT"]
[Date "2004.07.11"]
[Round "2"]
[White "Zoebisch, Herbert"]
[Black "Porper, Edward"]
[Result "1/2-1/2"]
[WhiteElo "2187"]
[BlackElo "2455"]
[PlyCount "62"]
[EventDate "2004.07.10"]
[EventType "swiss"]
[EventRounds "9"]
[EventCountry "AUT"]
[Source "ChessBase"]
[SourceDate "2005.01.01"]

1. d4 d5 2. c4 c6 3. Nf3 Nf6 4. Nc3 a6 5. e3 b5 6. b3 Bg4 7. Be2 e6 8. O-O Nbd7
9. h3 Bf5 10. cxd5 cxd5 11. Bb2 Bd6 12. Bd3 Bg6 13. a4 b4 14. Ne2 Ne4 15. Rc1
Qb6 16. Ne5 Nxe5 17. dxe5 Be7 18. Bd4 Qb7 19. f3 Nc3 20. Nxc3 bxc3 21. Rxc3 Bb4
22. Rc2 O-O 23. Bxg6 hxg6 24. Qd3 Rab8 25. Rb1 a5 26. f4 Rfc8 27. Rbc1 Rxc2 28.
Rxc2 Ba3 29. Rc3 Bb4 30. Rc1 Ba3 31. Rc3 Bb4 1/2-1/2

[Event "Oberwart op"]
[Site "Oberwart AUT"]
[Date "2004.07.12"]
[Round "3"]
[White "Porper, Edward"]
[Black "Staberhofer, Rainer"]
[Result "1-0"]
[WhiteElo "2455"]
[BlackElo "2176"]
[PlyCount "127"]
[EventDate "2004.07.10"]
[EventType "swiss"]
[EventRounds "9"]
[EventCountry "AUT"]
[Source "ChessBase"]
[SourceDate "2005.01.01"]

1. d4 d5 2. c4 e6 3. Nc3 Nf6 4. Nf3 Be7 5. Bf4 O-O 6. e3 Nh5 7. Bg3 Nxg3 8.
hxg3 h6 9. Qc2 c6 10. O-O-O Nd7 11. g4 dxc4 12. Bxc4 Nb6 13. Bb3 Nd5 14. Ne4 f5
15. gxf5 exf5 16. Nc5 Kh8 17. Ne5 Bxc5 18. Qxc5 Rf6 19. Kb1 Be6 20. f3 Nc7 21.
Bxe6 Nxe6 22. Qc4 Qd5 23. Qxd5 cxd5 24. f4 Kh7 25. Rd3 Rc8 26. Rb3 Rc7 27. Rc1
Re7 28. Rb5 g5 29. g3 gxf4 30. gxf4 h5 31. Rxd5 Rh6 32. Rd6 Rg7 33. d5 Nc7 34.
Rxh6+ Kxh6 35. d6 Ne6 36. d7 h4 37. Rh1 Kh5 38. Nf3 Kg4 39. Rg1+ Kxf3 40. Rxg7
h3 41. Rh7 Kg2 42. Rh6 Nd8 43. Kc2 h2 44. Kd3 h1=Q 45. Rxh1 Kxh1 46. Kd4 Kg2
47. Ke5 Kf3 48. Kxf5 Kxe3 49. Ke5 Nc6+ 50. Kd6 Kxf4 51. Kc7 Ke5 52. b4 Nd4 53.
Kxb7 Ne6 54. Kxa7 Kd6 55. b5 Nd8 56. a4 Kxd7 57. a5 Kc8 58. a6 Nc6+ 59. Kb6 Nb4
60. a7 Nd5+ 61. Kc5 Nc7 62. Kc6 Na8 63. b6 Nc7 64. b7+ 1-0

[Event "Oberwart op"]
[Site "Oberwart AUT"]
[Date "2004.07.13"]
[Round "4"]
[White "Dittmar, Peter"]
[Black "Porper, Edward"]
[Result "1/2-1/2"]
[WhiteElo "2360"]
[BlackElo "2455"]
[PlyCount "32"]
[EventDate "2004.07.10"]
[EventType "swiss"]
[EventRounds "9"]
[EventCountry "AUT"]
[Source "ChessBase"]
[SourceDate "2005.01.01"]

1. d4 d5 2. Nf3 c6 3. c4 Nf6 4. e3 e6 5. Bd3 Nbd7 6. O-O Be7 7. Nbd2 c5 8. cxd5
Nxd5 9. a3 cxd4 10. exd4 O-O 11. Ne4 h6 12. Bc2 Qb6 13. Qd3 Qa6 14. Qb3 Qb6 15.
Qd3 Qa6 16. Qb3 Qb6 1/2-1/2

[Event "Oberwart op"]
[Site "Oberwart AUT"]
[Date "2004.07.14"]
[Round "5"]
[White "Porper, Edward"]
[Black "Dey, Jan Marten"]
[Result "1-0"]
[WhiteElo "2455"]
[BlackElo "2268"]
[PlyCount "109"]
[EventDate "2004.07.10"]
[EventType "swiss"]
[EventRounds "9"]
[EventCountry "AUT"]
[Source "ChessBase"]
[SourceDate "2005.01.01"]

1. Nf3 d5 2. d4 Nc6 3. Bg5 Bg4 4. Nbd2 Qd6 5. c3 f6 6. Bh4 e5 7. dxe5 fxe5 8.
e4 Be7 9. Bxe7 Ngxe7 10. exd5 Qxd5 11. Bc4 Qd7 12. h3 Be6 13. O-O O-O-O 14.
Bxe6 Qxe6 15. Qb3 Qf5 16. Qa4 Rd3 17. Qe4 Rhd8 18. Qxf5+ Nxf5 19. Ne4 b6 20.
Rfe1 h6 21. Kf1 a5 22. Ke2 a4 23. Rad1 Rxd1 24. Rxd1 Rxd1 25. Kxd1 Kd7 26. Ke2
Ke6 27. Kd3 b5 28. Nfd2 Kd5 29. Nf1 Na5 30. g4 Ne7 31. Ne3+ Kc6 32. Ng3 g6 33.
c4 bxc4+ 34. Nxc4 Nxc4 35. Kxc4 Nd5 36. h4 Nf4 37. h5 gxh5 38. gxh5 Kb6 39. Nf5
Nxh5 40. Nxh6 Nf6 41. Kb4 Nd5+ 42. Kxa4 Kc5 43. Ng4 Kd4 44. Kb5 c6+ 45. Kxc6
Nb4+ 46. Kd6 e4 47. a4 Kc4 48. Nf6 Nd3 49. Nxe4 Nxb2 50. f4 Kd4 51. f5 Nc4+ 52.
Ke6 Kxe4 53. f6 Ne5 54. a5 Nc6 55. a6 1-0

[Event "Oberwart op"]
[Site "Oberwart AUT"]
[Date "2004.07.15"]
[Round "6"]
[White "Ganaus, Hannes"]
[Black "Porper, Edward"]
[Result "0-1"]
[WhiteElo "2330"]
[BlackElo "2455"]
[PlyCount "84"]
[EventDate "2004.07.10"]
[EventType "swiss"]
[EventRounds "9"]
[EventCountry "AUT"]
[Source "ChessBase"]
[SourceDate "2005.01.01"]

1. e4 c5 2. Nf3 Nc6 3. Bb5 g6 4. O-O Bg7 5. Re1 Nf6 6. e5 Nd5 7. Nc3 Nc7 8.
Bxc6 dxc6 9. Ne4 b6 10. Nf6+ Kf8 11. Ne4 Bg4 12. d3 Ne6 13. Ned2 Qd5 14. h3
Bxf3 15. Nxf3 Rd8 16. Qe2 h6 17. a3 Kg8 18. b4 Nd4 19. Nxd4 cxd4 20. h4 e6 21.
h5 Kh7 22. Bf4 Rhg8 23. Qg4 Bf8 24. Re4 Be7 25. Bd2 Rg7 26. Kf1 c5 27. Ke2 g5
28. Qg3 c4 29. Re1 c3 30. Bc1 Qa2 31. Kd1 a5 32. Qg4 Qd5 33. g3 axb4 34. axb4
Kh8 35. Ke2 Bxb4 36. f4 Qa2 37. Kd1 Qb1 38. fxg5 Ra8 39. Ke2 Qxc2+ 40. Kf1
Qxd3+ 41. Kg1 c2 42. Rf1 Bd2 0-1

[Event "LIE-op"]
[Site "Triesen LIE"]
[Date "2004.05.14"]
[Round "1"]
[White "Porper, Edward"]
[Black "Wittwer, Markus"]
[Result "1-0"]
[WhiteElo "2447"]
[BlackElo "2077"]
[PlyCount "33"]
[EventDate "2004.05.14"]
[EventType "swiss"]
[EventRounds "9"]
[EventCountry "LIE"]
[Source "Mark Crowther"]
[SourceDate "2004.05.31"]

1. d4 d5 2. c4 dxc4 3. Nf3 Nf6 4. Nc3 e6 5. e4 a6 6. Bxc4 b5 7. Bb3 Bb7 8. d5
Bb4 9. O-O Bxc3 10. dxe6 fxe6 11. Qxd8+ Kxd8 12. bxc3 Re8 13. Ng5 Bxe4 14.
Nxe6+ Kc8 15. Nxg7 Re7 16. Ne6 Nd5 17. Nc5 1-0

[Event "LIE-op"]
[Site "Triesen LIE"]
[Date "2004.05.15"]
[Round "2"]
[White "Bellin (Hartston,Miles), Jana"]
[Black "Porper, Edward"]
[Result "0-1"]
[WhiteElo "2209"]
[BlackElo "2447"]
[PlyCount "70"]
[EventDate "2004.05.14"]
[EventType "swiss"]
[EventRounds "9"]
[EventCountry "LIE"]
[Source "Mark Crowther"]
[SourceDate "2004.05.31"]

1. d4 d6 2. Nf3 Bg4 3. c4 Nd7 4. Nc3 e5 5. h3 Bh5 6. e3 Ngf6 7. Be2 c6 8. O-O
Be7 9. b4 O-O 10. Bb2 Qc7 11. Nd2 Bxe2 12. Qxe2 Rfe8 13. d5 c5 14. a3 Bf8 15.
e4 g6 16. Nd1 Nh5 17. g3 Nb6 18. Bc3 Na4 19. Rc1 Qb6 20. Rb1 Qd8 21. Nb3 Nxc3
22. Nxc3 b6 23. bxc5 bxc5 24. Rb2 Rb8 25. Rfb1 Bh6 26. Nb5 Re7 27. Qe1 a6 28.
Qa5 axb5 29. Qxd8+ Rxd8 30. Na5 Ra8 31. Nc6 Rc7 32. cxb5 Rb7 33. b6 Nf6 34. f3
Be3+ 35. Kg2 c4 0-1

[Event "LIE-op"]
[Site "Triesen LIE"]
[Date "2004.05.16"]
[Round "3"]
[White "Porper, Edward"]
[Black "Mannion, Stephen"]
[Result "1-0"]
[WhiteElo "2447"]
[BlackElo "2328"]
[PlyCount "67"]
[EventDate "2004.05.14"]
[EventType "swiss"]
[EventRounds "9"]
[EventCountry "LIE"]
[Source "Mark Crowther"]
[SourceDate "2004.05.31"]

1. d4 d5 2. c4 dxc4 3. Nf3 Nf6 4. Nc3 a6 5. e4 b5 6. e5 Nd5 7. a4 e6 8. axb5
Nb6 9. Be3 axb5 10. Rxa8 Nxa8 11. Nxb5 Nb6 12. Be2 Be7 13. O-O O-O 14. Qc2 Nc6
15. Qe4 Nb4 16. Nc3 N4d5 17. Bd2 Bb7 18. Qg4 Kh8 19. h4 f5 20. Qg3 Qd7 21. h5
c5 22. dxc5 Bxc5 23. Nh4 Ra8 24. Nxd5 Bxd5 25. Ng6+ Kg8 26. Nf4 Be4 27. Bc3 Qf7
28. Rd1 Rc8 29. Bd4 Bxd4 30. Rxd4 Bd5 31. h6 g6 32. Bf3 c3 33. bxc3 Rxc3 34.
Bxd5 1-0

[Event "LIE-op"]
[Site "Triesen LIE"]
[Date "2004.05.17"]
[Round "4"]
[White "Baramidze, David"]
[Black "Porper, Edward"]
[Result "1/2-1/2"]
[WhiteElo "2461"]
[BlackElo "2447"]
[PlyCount "75"]
[EventDate "2004.05.14"]
[EventType "swiss"]
[EventRounds "9"]
[EventCountry "LIE"]
[Source "Mark Crowther"]
[SourceDate "2004.05.31"]

1. e4 c6 2. d4 d5 3. Nd2 dxe4 4. Nxe4 Bf5 5. Ng3 Bg6 6. h4 h6 7. Nf3 Nd7 8. h5
Bh7 9. Bd3 Bxd3 10. Qxd3 e6 11. Bf4 Ngf6 12. O-O-O Be7 13. Ne4 O-O 14. Nxf6+
Nxf6 15. Ne5 Qa5 16. Kb1 Rad8 17. Qf3 Qb6 18. c3 c5 19. dxc5 Qxc5 20. c4 Bd6
21. Qe2 Bxe5 22. Bxe5 Ng4 23. Qxg4 Qxe5 24. Rhe1 Qc5 25. Qe2 a5 26. g4 b6 27.
f3 Rc8 28. Rc1 Rfd8 29. Red1 Rd4 30. Rxd4 Qxd4 31. a3 Rd8 32. Rc3 Kf8 33. Ka2
Rc8 34. Qc2 Ke7 35. Qb3 Qc5 36. Qc2 Qd4 37. Qb3 Qc5 38. Qc2 1/2-1/2

[Event "LIE-op"]
[Site "Triesen LIE"]
[Date "2004.05.18"]
[Round "5"]
[White "Porper, Edward"]
[Black "Siebrecht, Sebastian"]
[Result "1-0"]
[WhiteElo "2447"]
[BlackElo "2369"]
[PlyCount "75"]
[EventDate "2004.05.14"]
[EventType "swiss"]
[EventRounds "9"]
[EventCountry "LIE"]
[Source "Mark Crowther"]
[SourceDate "2004.05.31"]

1. d4 d6 2. c4 Nf6 3. Nf3 g6 4. Nc3 Bg7 5. e4 O-O 6. Be2 e5 7. d5 a5 8. Bg5 h6
9. Bh4 Na6 10. Nd2 Bd7 11. b3 Qe8 12. a3 Nh7 13. O-O h5 14. f3 Bh6 15. Rb1 Be3+
16. Bf2 Bxf2+ 17. Rxf2 Qe7 18. b4 axb4 19. axb4 h4 20. c5 dxc5 21. b5 Nb4 22.
Nc4 Na2 23. Qd2 Nxc3 24. Qxc3 Rfe8 25. b6 Qf6 26. f4 exf4 27. e5 Qg5 28. bxc7
Ra7 29. Nb6 Bf5 30. Rd1 Ra2 31. d6 Nf8 32. Nd5 Rc2 33. Qxc2 Bxc2 34. Nf6+ Kh8
35. Nxe8 Bxd1 36. c8=Q Bxe2 37. Nf6 Kg7 38. Qxf8+ 1-0

[Event "LIE-op"]
[Site "Triesen LIE"]
[Date "2004.05.19"]
[Round "6"]
[White "Malakhatko, Vadim"]
[Black "Porper, Edward"]
[Result "1/2-1/2"]
[WhiteElo "2540"]
[BlackElo "2447"]
[PlyCount "206"]
[EventDate "2004.05.14"]
[EventType "swiss"]
[EventRounds "9"]
[EventCountry "LIE"]
[Source "Mark Crowther"]
[SourceDate "2004.05.31"]

1. d4 Nf6 2. c4 e6 3. Nf3 b6 4. Nc3 Bb7 5. Bg5 h6 6. Bh4 Be7 7. Qc2 c5 8. dxc5
bxc5 9. e3 d6 10. Be2 Nbd7 11. h3 Qb6 12. O-O O-O 13. Rad1 Rfd8 14. Rd2 Nf8 15.
Rfd1 Rd7 16. Bg3 Rad8 17. Nh2 N8h7 18. Bf3 Ng5 19. Bxb7 Qxb7 20. f3 Ngh7 21.
Nf1 Nf8 22. Qa4 d5 23. b3 Qb4 24. Rc1 Qb6 25. Ne2 d4 26. Rcd1 Ng6 27. Nf4 Nxf4
28. Bxf4 Ne8 29. exd4 cxd4 30. Rd3 Qc5 31. Re1 Qf5 32. Re4 Nf6 33. Ng3 Qg6 34.
b4 Nxe4 35. Nxe4 f5 36. Nc5 Bxc5 37. bxc5 e5 38. Bxe5 f4 39. Qd1 Re7 40. Bd6
Re3 41. Rxd4 Rde8 42. Re4 R8xe4 43. fxe4 Qxe4 44. Qd5+ Qxd5 45. cxd5 Rd3 46. c6
Rxd5 47. c7 Rd1+ 48. Kf2 Rc1 49. Bxf4 Rc6 50. h4 Kf7 51. h5 Ke6 52. g4 Kd7 53.
Kf3 Ra6 54. Be5 g6 55. hxg6 Rxg6 56. Bf4 Ra6 57. Ke4 Rxa2 58. Bxh6 Kxc7 59. g5
Kd6 60. Bf8+ Ke6 61. g6 Rd2 62. g7 Kf7 63. Bb4 Rd7 64. Bc3 a6 65. Ke3 Ra7 66.
Kd3 a5 67. Kc2 a4 68. Kb2 Rb7+ 69. Ka2 Rb3 70. Be5 Re3 71. Bd4 Rg3 72. Be5 Rg4
73. Ka3 Ke6 74. Bc3 Kd5 75. Be1 Rxg7 76. Kxa4 Rg1 77. Bf2 Rg2 78. Be3 Re2 79.
Bg1 Rb2 80. Ka5 Kc6 81. Be3 Re2 82. Bg1 Rb2 83. Be3 Kd5 84. Ka6 Re2 85. Bg1
Re6+ 86. Kb7 Rc6 87. Be3 Kd6 88. Bb6 Rc2 89. Bd4 Rc4 90. Bf2 Rb4+ 91. Ka8 Kc7
92. Bg3+ Kc6 93. Bf2 Rb7 94. Be3 Kc7 95. Bf4+ Kc8 96. Be3 Rb3 97. Bd4 Kc7 98.
Be5+ Kb6 99. Bd4+ Ka6 100. Be5 Re3 101. Bf4 Re7 102. Bg3 Re8+ 103. Bb8 Rh8
1/2-1/2

[Event "LIE-op"]
[Site "Triesen LIE"]
[Date "2004.05.20"]
[Round "7"]
[White "Porper, Edward"]
[Black "Kritz, Leonid"]
[Result "1-0"]
[WhiteElo "2447"]
[BlackElo "2534"]
[PlyCount "111"]
[EventDate "2004.05.14"]
[EventType "swiss"]
[EventRounds "9"]
[EventCountry "LIE"]
[Source "Mark Crowther"]
[SourceDate "2004.05.31"]

1. d4 Nf6 2. Nf3 g6 3. c4 Bg7 4. Nc3 O-O 5. e4 d6 6. Be2 e5 7. d5 a5 8. Bg5 h6
9. Bh4 Na6 10. Nd2 Qe8 11. b3 Nh7 12. O-O f5 13. f3 f4 14. a3 g5 15. Bf2 Nf6
16. b4 Qg6 17. b5 Nc5 18. Bxc5 dxc5 19. Nb3 Nd7 20. d6 cxd6 21. Nd5 Rf7 22. Qd2
b6 23. Ne7+ Rxe7 24. Qd5+ Qe6 25. Qxa8 Nf6 26. Rad1 Bf8 27. Rd2 Rb7 28. Rfd1
Ne8 29. Nxa5 bxa5 30. Qxa5 Be7 31. Rb1 Nf6 32. a4 g4 33. Qc3 Bd8 34. a5 h5 35.
Rdb2 Rg7 36. b6 gxf3 37. Bxf3 Qh3 38. Kh1 Qd7 39. b7 Bxb7 40. Rxb7 Qxb7 41.
Rxb7 Rxb7 42. g3 fxg3 43. hxg3 Kf7 44. Qa3 Ra7 45. a6 Bb6 46. Qa4 Rc7 47. Qd1
Ke7 48. Bxh5 Ra7 49. Bg6 Rxa6 50. g4 Ba5 51. g5 Nd7 52. Qf3 Kd8 53. Qf7 Bd2 54.
Bf5 Nb6 55. g6 Ra1+ 56. Kg2 1-0

[Event "LIE-op"]
[Site "Triesen LIE"]
[Date "2004.05.21"]
[Round "8"]
[White "Kelecevic, Nedeljko"]
[Black "Porper, Edward"]
[Result "0-1"]
[WhiteElo "2381"]
[BlackElo "2447"]
[PlyCount "134"]
[EventDate "2004.05.14"]
[EventType "swiss"]
[EventRounds "9"]
[EventCountry "LIE"]
[Source "Mark Crowther"]
[SourceDate "2004.05.31"]

1. d4 d5 2. Nf3 c6 3. e3 Bf5 4. Bd3 Bxd3 5. Qxd3 Nf6 6. Nbd2 e6 7. O-O Nbd7 8.
e4 dxe4 9. Nxe4 Nxe4 10. Qxe4 Nf6 11. Qe2 Bd6 12. Bg5 h6 13. Bxf6 Qxf6 14. Rad1
O-O 15. Rd3 Rad8 16. Rfd1 Qf5 17. g3 Qa5 18. a3 Qb5 19. Qd2 Rd7 20. Rb3 Qf5 21.
Rd3 Rfd8 22. Re1 Bb8 23. Ree3 b6 24. b4 c5 25. bxc5 bxc5 26. dxc5 Rxd3 27. Rxd3
Rxd3 28. Qxd3 Qxc5 29. Nd2 Be5 30. Qd8+ Kh7 31. Qd3+ g6 32. c4 Kg7 33. a4 Qb4
34. Qc2 Qc3 35. Qxc3 Bxc3 36. Nb3 Kf6 37. f3 Ke5 38. Kf1 Bd4 39. Ke2 Bg1 40.
f4+ Kd6 41. h3 e5 42. Kf3 f5 43. h4 Bd4 44. Kg2 Bb6 45. Kf3 Ke6 46. a5 Bc7 47.
a6 Bb6 48. Kg2 h5 49. Kf3 e4+ 50. Ke2 Kd6 51. Kf1 Kc6 52. Ke2 Bc5 53. Kf1 Kb6
54. Ke2 Bg1 55. Kf1 Be3 56. Ke2 Bc5 57. Kf1 Be7 58. Ke2 Kxa6 59. Ke3 Kb6 60.
Kd4 Bf6+ 61. Kd5 Kc7 62. c5 a5 63. c6 a4 64. Nc5 a3 65. Na6+ Kc8 66. Nb4 Bc3
67. Na2 Bd2 0-1

[Event "LIE-op"]
[Site "Triesen LIE"]
[Date "2004.05.22"]
[Round "9"]
[White "Porper, Edward"]
[Black "Rotstein, Arkadij"]
[Result "0-1"]
[WhiteElo "2447"]
[BlackElo "2517"]
[PlyCount "134"]
[EventDate "2004.05.14"]
[EventType "swiss"]
[EventRounds "9"]
[EventCountry "LIE"]
[Source "Mark Crowther"]
[SourceDate "2004.05.31"]

1. d4 Nf6 2. Nf3 e6 3. c4 c5 4. d5 d6 5. Nc3 exd5 6. cxd5 g6 7. h3 a6 8. a4 Qe7
9. Bf4 Nh5 10. Bh2 f5 11. Nd2 f4 12. Nc4 Nd7 13. Qd2 Ne5 14. Nxe5 Qxe5 15. e4
Bh6 16. Be2 Nf6 17. f3 O-O 18. Nd1 Qg5 19. Bf1 Nh5 20. Nc3 Bd7 21. Ne2 b5 22.
a5 Qh4+ 23. Kd1 Bg7 24. Bg1 Be5 25. Ra2 b4 26. Nc1 Qf6 27. Bf2 Bb5 28. Bxb5
axb5 29. Nd3 Bd4 30. Bxd4 Qxd4 31. Nc1 Qg7 32. Nb3 Nf6 33. Ke2 Nd7 34. Rha1 Ra6
35. Nc1 Ne5 36. b3 g5 37. Nd3 h5 38. Nxe5 Qxe5 39. Qd3 Rb8 40. Rc1 Kf7 41. Kf1
Rb7 42. Ke2 Kg6 43. Kf1 Kf6 44. Ke2 Rb8 45. Kf1 g4 46. hxg4 hxg4 47. fxg4 Rh8
48. Kg1 Kg5 49. Rf2 Rh4 50. Rcf1 Qh8 51. Ra2 Rh1+ 52. Kf2 Qh4+ 53. Ke2 Qxg4+
54. Qf3 Rxf1 55. Kxf1 c4 56. bxc4 bxc4 57. Ra4 b3 58. Qc3 Ra7 59. Rxc4 Rh7 60.
Kg1 Qe2 61. Rc8 Qe3+ 62. Qxe3 fxe3 63. Rc1 Rf7 64. a6 b2 65. Rb1 e2 66. a7 Rxa7
67. Kf2 Ra1 0-1

[Event "Cappelle op"]
[Site "Cappelle la Grande FRA"]
[Date "2004.03.02"]
[Round "5"]
[White "Porper, Edward"]
[Black "Monsieux, Cyril"]
[Result "1-0"]
[WhiteElo "2447"]
[BlackElo "2156"]
[PlyCount "49"]
[EventDate "2004.02.28"]
[EventType "swiss"]
[EventRounds "9"]
[EventCountry "FRA"]
[Source "Mark Crowther"]
[SourceDate "2004.03.08"]

1. d4 Nf6 2. Nf3 c5 3. d5 e6 4. c4 b5 5. Bg5 bxc4 6. Nc3 Qb6 7. e4 h6 8. Bf4
Ba6 9. Qd2 exd5 10. exd5 d6 11. O-O-O Be7 12. Re1 Qc7 13. Nh4 g6 14. Bxh6 Kd8
15. Nf3 Nbd7 16. Ng5 Ke8 17. Bg7 Rg8 18. Bxf6 Nxf6 19. Qf4 Kf8 20. Re6 Kg7 21.
Nce4 Qd8 22. Nxf7 Nxe4 23. Nxd8 Bg5 24. Re7+ Bxe7 25. Ne6+ 1-0

[Event "Cappelle op"]
[Site "Cappelle la Grande FRA"]
[Date "2004.03.04"]
[Round "7"]
[White "Porper, Edward"]
[Black "Huguenin, Olivier"]
[Result "1-0"]
[WhiteElo "2447"]
[BlackElo "2162"]
[PlyCount "79"]
[EventDate "2004.02.28"]
[EventType "swiss"]
[EventRounds "9"]
[EventCountry "FRA"]
[Source "Mark Crowther"]
[SourceDate "2004.03.08"]

1. d4 Nf6 2. Nf3 e6 3. c4 Bb4+ 4. Bd2 c5 5. Bxb4 cxb4 6. g3 b6 7. Bg2 Bb7 8.
O-O O-O 9. Qb3 Qe7 10. Nbd2 Nc6 11. Rfc1 d6 12. e3 Nd7 13. Ne1 a5 14. Qa4 Rac8
15. Nd3 e5 16. d5 Ncb8 17. a3 Nc5 18. Nxc5 dxc5 19. d6 Qxd6 20. Bxb7 Qxd2 21.
Bxc8 Rxc8 22. Qc2 Qxc2 23. Rxc2 b3 24. Rd2 Kf8 25. Rad1 Ke7 26. a4 Rc7 27. Rd3
Rd7 28. Rxd7+ Nxd7 29. Rd3 e4 30. Rxb3 Kd6 31. Kf1 Kc6 32. Ke2 Ne5 33. Rc3 g5
34. b3 g4 35. Rc1 Nd3 36. Rh1 h5 37. h3 Ne5 38. hxg4 hxg4 39. Rh6+ Kc7 40. Rf6
1-0

[Event "Guelph Pro-Am int."]
[Site "Guelph CAN"]
[Date "2003.08.09"]
[Round "8"]
[White "Porper, Edward"]
[Black "Hutters, Tomas"]
[Result "0-1"]
[WhiteElo "2464"]
[BlackElo "2420"]
[PlyCount "70"]
[EventDate "2003.08.04"]
[EventType "swiss"]
[EventRounds "9"]
[EventCountry "CAN"]
[Source "CFC"]
[SourceDate "2003.10.??"]

1. d4 e6 2. c4 Bb4+ 3. Bd2 a5 4. Nf3 Nf6 5. Nc3 b6 6. g3 Bb7 7. Bg2 Bxc3 8.
Bxc3 Ne4 9. Rc1 Na6 10. a3 c5 11. d5 O-O 12. Nh4 exd5 13. cxd5 Nxc3 14. Rxc3 d6
15. O-O b5 16. e4 c4 17. Qd4 g6 18. Qd2 Nc5 19. Qh6 Qf6 20. Nf5 Bc8 21. g4 Bxf5
22. gxf5 Nd3 23. Rb1 Rfc8 24. Bf1 b4 25. Rc2 b3 26. Rd2 Nxb2 27. Rdxb2 a4 28.
fxg6 hxg6 29. Bxc4 Rxc4 30. Re2 Rac8 31. Kg2 Rc2 32. Rxc2 Rxc2 33. Qe3 Rc3 34.
Qd2 Qf3+ 35. Kg1 Rc2 0-1

[Event "Kitchener Futurity"]
[Site "Kitchener CAN"]
[Date "2003.07.25"]
[Round "1"]
[White "Porper, Edward"]
[Black "Predescu, Sebastian"]
[Result "1-0"]
[WhiteElo "2435"]
[BlackElo "2161"]
[PlyCount "65"]
[EventDate "2003.07.25"]
[EventType "schev"]
[EventRounds "10"]
[EventCountry "CAN"]
[Source "Mark Crowther"]
[SourceDate "2003.07.28"]

1. d4 Nf6 2. Nf3 g6 3. c4 Bg7 4. Nc3 O-O 5. e4 d6 6. Be2 e5 7. d5 a5 8. Bg5 h6
9. Bh4 Na6 10. Nd2 Qe8 11. a3 Bd7 12. b3 Nh7 13. O-O f5 14. f3 f4 15. Bf2 g5
16. b4 axb4 17. axb4 Qg6 18. c5 Rad8 19. c6 Be8 20. cxb7 Nb8 21. Ra8 Nf6 22.
Ba7 Bd7 23. Qa1 g4 24. fxg4 Bxg4 25. Rxb8 Rxb8 26. Bxb8 Bxe2 27. Nxe2 Rxb8 28.
Qa7 Qe8 29. Nc4 Nd7 30. Na5 Qf8 31. Nc6 Re8 32. Nc3 Nb8 33. Nb5 1-0

[Event "Kitchener Futurity"]
[Site "Kitchener CAN"]
[Date "2003.07.26"]
[Round "3"]
[White "Porper, Edward"]
[Black "Quan Zhe"]
[Result "1-0"]
[WhiteElo "2435"]
[BlackElo "2303"]
[PlyCount "107"]
[EventDate "2003.07.25"]
[EventType "schev"]
[EventRounds "10"]
[EventCountry "CAN"]
[Source "Mark Crowther"]
[SourceDate "2003.07.28"]

1. d4 Nf6 2. Nf3 g6 3. c4 Bg7 4. Nc3 O-O 5. e4 d6 6. Be2 e5 7. d5 a5 8. Bg5 Na6
9. Nd2 h6 10. Bh4 Bd7 11. a3 Qe8 12. b3 Nh7 13. O-O h5 14. f3 f5 15. Rb1 f4 16.
b4 g5 17. Bf2 axb4 18. axb4 Qg6 19. c5 g4 20. c6 g3 21. cxd7 gxf2+ 22. Rxf2 Bf6
23. Bxa6 bxa6 24. Qa4 Kh8 25. Qc6 Bh4 26. Re2 Rg8 27. Qxc7 Ng5 28. Kf1 Nh3 29.
Nd1 Rad8 30. Nc4 Be7 31. Rb3 h4 32. Nb6 Ng5 33. Nc8 Qf6 34. h3 Qg7 35. Ke1 Bf6
36. Nxd6 Rxd7 37. Qb6 Bd8 38. Qc6 Rc7 39. Nf5 Rxc6 40. Nxg7 Rc1 41. Kd2 Ra1 42.
Nf5 a5 43. bxa5 Bxa5+ 44. Nc3 Rc8 45. Kd3 Nf7 46. Ne7 Rc5 47. Nc6 Bc7 48. Rb7
Ra3 49. Rc2 Nd6 50. Rxc7 Raxc3+ 51. Rxc3 Rxc3+ 52. Kxc3 Nb5+ 53. Kc4 Nxc7 54.
d6 1-0

[Event "Kitchener Futurity"]
[Site "Kitchener CAN"]
[Date "2003.07.29"]
[Round "6"]
[White "Predescu, Sebastian"]
[Black "Porper, Edward"]
[Result "0-1"]
[WhiteElo "2161"]
[BlackElo "2429"]
[PlyCount "126"]
[EventDate "2003.07.25"]
[EventType "schev"]
[EventRounds "10"]
[EventCountry "CAN"]

1. e4 c5 2. Nf3 Nc6 3. d4 cxd4 4. Nxd4 Qc7 5. Be3 e6 6. Bd3 Nf6 7. Nc3 a6 8.
O-O Nxd4 9. Bxd4 Bc5 10. Bxc5 Qxc5 11. Qe2 d6 12. Kh1 b5 13. a4 b4 14. Nb1 O-O
15. Nd2 a5 16. f4 e5 17. f5 Bb7 18. Rac1 d5 19. Rfe1 Rfe8 20. exd5 Bxd5 21. Be4
Nxe4 22. Nxe4 Qc6 23. b3 f6 24. c4 Bxe4 25. Qxe4 Qxe4 26. Rxe4 Red8 27. Rce1
Rd3 28. R4e3 Rad8 29. h3 Rxe3 30. Rxe3 g6 31. fxg6 hxg6 32. Kh2 Kf7 33. Kg3 Ke6
34. Kf3 f5 35. Ke2 e4 36. h4 Rh8 37. g3 Ke5 38. Kf2 Rd8 39. Ke2 Rd7 40. Ke1 Kf6
41. Kf2 Ke5 42. Ke1 f4 43. gxf4+ Kxf4 44. Ke2 Rh7 45. Rh3 g5 46. h5 g4 47. Rh1
e3 48. Rf1+ Ke4 49. Rf8 Rxh5 50. Re8+ Kd4 51. Rd8+ Kc3 52. Rd3+ Kc2 53. Rxe3
Rh2+ 54. Kf1 Rh1+ 55. Kg2 Rc1 56. Kg3 Kb2 57. Kxg4 Rc3 58. Re5 Kxb3 59. Rxa5
Rxc4+ 60. Kf3 Kc2 61. Rh5 b3 62. Rh2+ Kc3 63. a5 b2 0-1

[Event "Kitchener Futurity"]
[Site "Kitchener CAN"]
[Date "2003.08.02"]
[Round "10"]
[White "Thavandiran, Shiyam"]
[Black "Porper, Edward"]
[Result "0-1"]
[WhiteElo "1996"]
[BlackElo "2429"]
[PlyCount "64"]
[EventDate "2003.07.25"]
[EventType "schev"]
[EventRounds "10"]
[EventCountry "CAN"]

1. e4 c6 2. d4 d5 3. Nc3 dxe4 4. Nxe4 Bf5 5. Ng3 Bg6 6. h4 h6 7. Nf3 Nd7 8. h5
Bh7 9. Bd3 Bxd3 10. Qxd3 e6 11. Bd2 Ngf6 12. O-O-O Be7 13. Rhe1 O-O 14. c4 c5
15. Bc3 cxd4 16. Bxd4 Qc7 17. Kb1 a6 18. Qc3 Rfe8 19. Ne5 Nxe5 20. Rxe5 Rac8
21. b3 b5 22. c5 Red8 23. Rc1 Qc6 24. Nf5 Bf8 25. Nxh6+ gxh6 26. g4 Bg7 27.
Rce1 Rxd4 28. Qxd4 Nd7 29. g5 Bxe5 30. Qg4 Qxc5 31. gxh6+ Kf8 32. Qe4 Qc3 0-1